|
|
|
|
| LEADER |
00000nam a2200000 a 4500 |
| 001 |
UCM8576 |
| 003 |
CL-VaPUC |
| 008 |
030321e20000400AG |||||||||||||||||spa|d |
| 082 |
0 |
4 |
|a 813
|b BRA
|2 21
|
| 100 |
0 |
|
|a Bradbury, Ray
|e author
|9 429861
|
| 245 |
1 |
0 |
|a Fahrenheit 451
|
| 250 |
|
|
|a 24a. ed
|
| 300 |
|
|
|a 262 p
|
| 942 |
|
|
|c BK
|
| 945 |
|
|
|d 20030321 00:00:00
|a vberengu
|
| 260 |
|
|
|a Buenos Aires
|b Minotauro
|c 2000
|
| 650 |
|
0 |
|a Novelas de ciencia ficción
|9 320228
|
| 650 |
|
0 |
|a Novelas estadounidenses
|9 265217
|
| 583 |
|
|
|a last modification
|c 20030321 00:00:00
|k Rodrigo Vera
|
| 999 |
|
|
|c 303038
|d 303036
|
| 952 |
|
|
|0 0
|1 0
|4 0
|6 813_000000000000000_BRA_2000
|7 0
|8 A
|9 363983
|a BIBTEO
|b BIBTEO
|d 2019-11-21
|i 388712K
|o 813 BRA 2000
|p 388712K
|r 2025-01-17
|w 2019-11-21
|y BK
|k ICR
|